al-Naql al-baḥrī fī Miṣr; (Record no. 49502)

MARC details
000 -LEADER
fixed length control field 00809cam a22002411 4500
001 - CONTROL NUMBER
control field ne 67000633
003 - CONTROL NUMBER IDENTIFIER
control field DLC
005 - DATE AND TIME OF LATEST TRANSACTION
control field 20260227111831.0
008 - FIXED-LENGTH DATA ELEMENTS--GENERAL INFORMATION
fixed length control field 860210s1966 ua a b 000 0 ara
010 ## - LIBRARY OF CONGRESS CONTROL NUMBER
LC control number ne 67000633
035 ## - SYSTEM CONTROL NUMBER
System control number (OCoLC)13135159
040 ## - CATALOGING SOURCE
Original cataloging agency DLC
Transcribing agency TxU
Modifying agency TxU
-- DLC
042 ## - AUTHENTICATION CODE
Authentication code premarc
050 00 - LIBRARY OF CONGRESS CALL NUMBER
Classification number HE903
Item number .T6
100 1# - MAIN ENTRY--PERSONAL NAME
Personal name Tobgy, Ahmed Kamal.
245 13 - TITLE STATEMENT
Title al-Naql al-baḥrī fī Miṣr;
Remainder of title taṭawwuruh al-tārīkhī wa-nahḍatuh mundhu thawrat 1952.
Statement of responsibility, etc. bi-qalam Aḥmad Kamāl al-Ṭūbjī.
260 ## - PUBLICATION, DISTRIBUTION, ETC.
Place of publication, distribution, etc. [al-Qāhirah,
Name of publisher, distributor, etc. al-Dār al-Qawmīyah lil-Ṭibāʻah wa-al-Nashr,
Date of publication, distribution, etc. 1966]
300 ## - PHYSICAL DESCRIPTION
Extent 128 p.
Other physical details illus.
Dimensions 24 cm.
490 0# - SERIES STATEMENT
Series statement Min al-Sharq wa-al-Gharb,
Volume/sequential designation 168
504 ## - BIBLIOGRAPHY, ETC. NOTE
Bibliography, etc. note Bibliography: p. 127-128.
650 #0 - SUBJECT ADDED ENTRY--TOPICAL TERM
Topical term or geographic name entry element Merchant marine
Geographic subdivision Egypt.
650 #0 - SUBJECT ADDED ENTRY--TOPICAL TERM
Topical term or geographic name entry element Shipping
Geographic subdivision Egypt
General subdivision History.

No items available.

Powered by Koha